[Event "CSR-ch"]
[Site "Prague"]
[Date "1986.??.??"]
[Round "1"]
[White "Pekarek, Ales"]
[Black "Prandstetter, Eduard"]
[Result "1-0"]
[WhiteElo "2440"]
[BlackElo "2450"]

1.d4 e6 2.c4 Nf6 3.Nc3 d5 4.Nf3 Be7 5.Bf4 O-O 6.e3 c5 7.dxc5 Bxc5 8.a3 dxc4
9.Bxc4 Qxd1+ 10.Rxd1 a6 11.Bd3 Nbd7 12.O-O b6 13.Ne4 Bb7 14.Nxc5 Nxc5 15.Be2 Bd5
16.Ne5 b5 17.Nd3 Nxd3 18.Bxd3 Bb3 19.Rc1 Rad8 20.Rc3 Rxd3 21.Rxd3 Bc4 22.Rd6 Bxf1
23.Kxf1 Ra8 24.Ke2 Kf8 25.Rc6 Nd5 26.Be5 Ne7 27.Rc7 Rc8 28.Rxc8+ Nxc8 29.Kd3 f6
30.Bc3 Ke7 31.Kd4 Kd6 32.Bb4+ Kc6 33.Bf8 Nd6 34.e4 e5+ 35.Kd3 g6 36.f3 Nc4
37.b3 Nb6 38.Be7 Nd7 39.Kc3 Kc7 40.g4 Kc6 41.Kb4 Kb6 42.Bd8+ Kc6 43.a4 bxa4
44.bxa4 g5 45.Be7 Kc7 46.a5 Kb7 47.Kc4 Kc6 48.h3 h6 49.Bb4 Nb8 50.Bf8 Kd7
51.Kc5 Nc6 52.Kb6 Nd4 53.Kxa6 Kc6 54.Be7 Nxf3 55.Bxf6 Ng1 56.Ka7 Nxh3 57.a6 Nf4
58.Kb8 Ne6 59.a7  1-0

[Event "CSR-ch"]
[Site "Prague"]
[Date "1986.??.??"]
[Round "7"]
[White "Lechtynsky, Jiri"]
[Black "Prandstetter, Eduard"]
[Result "1/2-1/2"]
[WhiteElo "2445"]
[BlackElo "2450"]

1.Nf3 d5 2.d4 Nf6 3.c4 e6 4.Nc3 Be7 5.Bf4 O-O 6.e3 c5 7.dxc5 Bxc5 8.a3 dxc4
9.Bxc4 Qxd1+ 10.Rxd1 a6 11.O-O Nbd7 12.Ng5 Be7 13.Nge4 Nxe4 14.Nxe4 Nb6 15.Bb3 Bd7
16.Bd6 Bxd6 17.Rxd6 Bc6 18.Nc5 Nc8 19.Rd2 Nb6 20.Rfd1 Rfe8 21.e4 Kf8 22.f3 a5
23.Rd6 Nc8 24.R6d4 Nb6 25.Kf2 Ke7 26.Rd6 Nc8 27.R6d2 Nb6 28.Ke3 Red8 29.Rxd8 Rxd8
30.Rxd8 Kxd8 31.Kd4 Nd7 32.Nd3 b6 33.g3 Ke7 34.f4 h6 35.Bc4 Nf6 36.Nf2 Ne8
37.b4 axb4 38.axb4 Nd6 39.Bd3 Nb5+ 40.Bxb5 Bxb5 41.Nd1 Kd7 42.Nc3 Bf1 43.e5 Bg2
44.Nb5 f5 45.Nd6 Bf3 46.Ke3 Bh5 47.Kd4 Bf3 48.b5 Be2 49.Ke3 Bd1 50.Kf2 Bg4
51.Nc4 Kc7 52.Ne3 Bh5 53.Nc2 Bd1 54.Nd4 Kd7 55.Ke1 Bg4 56.Nc2 Kc7 57.Ne3 Bh5
58.Nc4 Be8 59.Nd6 Bh5 60.h3 Kd7 61.Kf2 Bd1 62.Ke3 Bh5 63.Kd3 Kc7 64.Nc4 Be8
65.Na3 Bh5 66.Nc2 Kd7 67.Ne3 Bf3 68.Kd2 Kc7 69.Ke1 Ba8 70.Nc2 Bf3 71.Nd4 Bd5
72.Kf2 Bc4 73.g4 fxg4 74.hxg4 g6 75.Kg3 Kd7 76.Kh4 Ke7 77.g5 h5 78.Kg3 Kd7
79.Kf2 Ke7 80.Nc6+ Kd7 81.Nd4  1/2-1/2

[Event "Quebec"]
[Site "Quebec"]
[Date "1986.??.??"]
[Round "2"]
[White "Bolduc, Steve"]
[Black "Barbeau, Sylvain"]
[Result "1/2-1/2"]
[WhiteElo "2230"]
[BlackElo "2290"]

1.d4 d5 2.c4 e6 3.Nc3 Be7 4.Nf3 Nf6 5.Bf4 O-O 6.e3 c5 7.dxc5 Bxc5 8.Be2 Nc6
9.O-O a6 10.cxd5 exd5 11.Nd4 Nxd4 12.exd4 Bd6 13.Bxd6  1/2-1/2

[Event "Reykjavik op"]
[Site "Reykjavik"]
[Date "1986.??.??"]
[Round "1"]
[White "Miles, Anthony J"]
[Black "Adianto, Utut"]
[Result "0-1"]
[WhiteElo "2610"]
[BlackElo "2400"]

1.d4 Nf6 2.c4 e6 3.Nf3 d5 4.Nc3 Be7 5.Bf4 O-O 6.e3 c6 7.Qc2 Nbd7 8.cxd5 exd5
9.Bd3 Re8 10.h3 a5 11.O-O-O Nf8 12.Kb1 Be6 13.Ng5 Bd6 14.Be5 h6 15.Nf3 Bxe5
16.dxe5 N6d7 17.e4 a4 18.exd5 cxd5 19.a3 Qa5 20.Rhe1 Nc5 21.Nd4 Nb3 22.Ncb5 Rec8
23.Nxb3 axb3 24.Qd2 Qb6 25.Qe3 Rc5 26.Nd6 Ra4 27.f4 d4 28.Qd2 Rc2 29.Bxc2 bxc2+
30.Kxc2 Qb3+ 31.Kc1 Ra6 32.Qc2 Rc6 33.Qxc6 bxc6 34.Rxd4 c5 35.Rd2 Qa2 36.Kc2 Bb3+
37.Kd3 Bd5 38.Rc1 Bxg2 39.Rxc5 Qb1+ 40.Rcc2 Qf1+ 41.Kc3 Qxf4 42.Nc4 Be4 43.Rc1 Bd5
44.b3 Bxc4 45.bxc4 Qxe5+ 46.Kb4 Qb8+ 47.Ka5 Ne6 48.c5 Qc7+ 49.Kb5 Qb7+ 50.Ka5 g5
51.Rc4 Qb3  0-1

[Event "Nordic-USA"]
[Site "Reykjavik"]
[Date "1986.??.??"]
[Round "2"]
[White "De Firmian, Nick E"]
[Black "Hansen, Curt"]
[Result "1/2-1/2"]
[WhiteElo "2520"]
[BlackElo "2510"]

1.d4 Nf6 2.c4 e6 3.Nc3 d5 4.Nf3 Be7 5.Bf4 O-O 6.e3 c5 7.dxc5 Bxc5 8.Be2 dxc4
9.Bxc4 a6 10.Bd3 b5 11.a4 bxa4 12.Rxa4 Nbd7 13.O-O Bb7 14.Qe2 a5 15.Rd1 h6
16.Ne5 Qe7 17.Nxd7 Nxd7 18.Bc2 Nf6 19.Be5 Bb4 20.Raa1 Rfd8 21.h3 Rxd1+ 22.Rxd1 Rd8
23.Rxd8+ Qxd8 24.Qd3 Qxd3 25.Bxd3 Nd7 26.Bc7 Nc5 27.Bc2 Bxc3 28.bxc3 a4 29.Bd6 Be4
30.Bxc5  1/2-1/2

[Event "Reykjavik op"]
[Site "Reykjavik"]
[Date "1986.??.??"]
[Round "8"]
[White "Lein, Anatoly"]
[Black "Thorsteins, Karl"]
[Result "1/2-1/2"]
[WhiteElo "2535"]
[BlackElo "2445"]

1.d4 d5 2.c4 e6 3.Nf3 Nf6 4.Nc3 Be7 5.Bf4 O-O 6.e3 c5 7.dxc5 Bxc5 8.Qc2 Nc6
9.Rd1 Qa5 10.a3 Be7 11.Nd2 e5 12.Bg5 d4 13.Nb3 Qb6 14.Bxf6 Bxf6 15.Nd5 Qd8
16.Bd3 g6 17.exd4 Nxd4 18.Nxd4 exd4 19.Nxf6+ Qxf6 20.O-O Bg4 21.Rde1 Rac8
22.Qd2 Rfe8 23.b4 b6 24.Rxe8+ Rxe8 25.Rc1 h5 26.h3 Bc8 27.c5 bxc5 28.Rxc5 h4
29.Qc1 Bb7 30.Rc7 Re7 31.Rxe7 Qxe7 32.Qf4 Qe1+ 33.Kh2 Qc3 34.Bb5 a6 35.Qb8+ Kg7
36.Bd7 Qd2 37.Qe5+ Kg8 38.Qf6 d3 39.Bg4 g5 40.Bh5 Bd5 41.Qd8+ Kg7 42.Qxd5 Qf4+
43.Kg1 Qc1+  1/2-1/2

[Event "Sao Paulo"]
[Site "Sao Paulo"]
[Date "1986.??.??"]
[Round "?"]
[White "Morovic Fernandez, Ivan"]
[Black "Andersson, Ulf"]
[Result "1/2-1/2"]
[WhiteElo "2495"]
[BlackElo "2585"]

1.d4 d5 2.c4 e6 3.Nf3 Nf6 4.Nc3 Be7 5.Bf4 O-O 6.e3 c5 7.dxc5 Bxc5 8.cxd5 Nxd5
9.Nxd5 exd5 10.a3 Nc6 11.Bd3 Bb6 12.O-O Bg4 13.h3 Bh5 14.Be2 Bxf3 15.Bxf3 d4
16.exd4  1/2-1/2

[Event "Tbilisi"]
[Site "Tbilisi"]
[Date "1986.??.??"]
[Round "?"]
[White "Foisor, Ovidiu"]
[Black "Ubilava, Elizbar"]
[Result "0-1"]
[WhiteElo "2440"]
[BlackElo "2515"]

1.d4 d5 2.c4 e6 3.Nc3 Be7 4.Nf3 Nf6 5.Bf4 O-O 6.e3 c5 7.dxc5 Bxc5 8.Qc2 Qa5
9.Nd2 Bb4 10.Be2 Bxc3 11.bxc3 Nc6 12.O-O e5 13.Bg5 Ne4 14.cxd5 Nxg5 15.dxc6 bxc6
16.Rab1 Ne6 17.Rb4 Nc5 18.Bc4 Qc7 19.Ne4 Nxe4 20.Qxe4 g6 21.Qf3 Kg7 22.Rd1 Re8
23.Rd6 Qxd6 24.Qxf7+ Kh6 25.Be2 Qe7  0-1

[Event "Wuppertal"]
[Site "Wuppertal"]
[Date "1986.??.??"]
[Round "?"]
[White "Knezevic, Milorad"]
[Black "Meyer, Peter"]
[Result "1/2-1/2"]
[WhiteElo "2445"]
[BlackElo "2295"]

1.c4 e6 2.Nc3 d5 3.d4 Nf6 4.Nf3 Be7 5.Bf4 O-O 6.e3 c5 7.dxc5 Bxc5 8.cxd5 Nxd5
9.Nxd5 exd5 10.Bd3 Bb4+ 11.Ke2 Nc6 12.Qc2 h6 13.h3 Be6 14.Rhd1 Rc8 15.Qa4 Qf6
16.Rab1 d4 17.Rbc1  1/2-1/2

[Event "Beersheba"]
[Site "Beersheba"]
[Date "1987.??.??"]
[Round "?"]
[White "Gurevich, Dmitry"]
[Black "Rechlis, Gad"]
[Result "1-0"]
[WhiteElo "2535"]
[BlackElo "2445"]

1.d4 Nf6 2.c4 e6 3.Nc3 d5 4.Nf3 Be7 5.Bf4 O-O 6.e3 c5 7.dxc5 Bxc5 8.cxd5 Nxd5
9.Nxd5 exd5 10.Bd3 Bb4+ 11.Ke2 Nc6 12.Qc2 g6 13.Rhd1 Bg4 14.Qa4 Qe7 15.Bb5 Rfd8
16.Bxc6 bxc6 17.h3 Bxf3+ 18.gxf3 Bd6 19.Bxd6 Qxd6 20.Rd2 Rd7 21.Rc1 c5 22.Qb5 d4
23.b4 Rad8 24.Rcd1 Qb6 25.a4 Qxb5+ 26.axb5 cxb4 27.Rxd4 Rxd4 28.Rxd4 Rb8
29.Rxb4 Rb6 30.Kd3 a6 31.Kc4 axb5+ 32.Rxb5 Ra6 33.Rb1 Ra2 34.Rf1 Kg7 35.Kd3 Kf6
36.Ke4 Ra4+ 37.Kd3 Ra2 38.Ke4 Ra4+ 39.Kd3 Kf5 40.Re1 Kg5 41.Rg1+ Kf6 42.Ke2 Rh4
43.Rh1 Rh5 44.f4 Rf5 45.Kf3 Ra5 46.Rb1 Ra3 47.Rb5 Rc3 48.h4 Rc1 49.Kg2 Re1
50.Re5 Ra1 51.f3 Ra2+ 52.Kg3 Ra1 53.Rb5 Rg1+ 54.Kh2 Re1 55.e4 Rc1 56.Kg2 Rc2+
57.Kg3 Rc1 58.e5+ Kg7 59.Rb7 Kg8 60.f5 gxf5 61.Kf4 Rc4+ 62.Kg5 h6+ 63.Kf6 Rc6+
64.Kxf5 Rc4 65.h5 Ra4 66.Rb1 Ra3 67.f4 Ra4 68.Rd1 Kg7 69.Rd3 Kf8 70.Kg4 Re4
71.Kf3 Re1 72.Rd2 Rf1+ 73.Kg4 Rg1+ 74.Kf5 Rf1 75.Rd6 Kg7 76.Rd7 Kf8 77.Ra7 Kg8
78.Ra6 Kg7 79.e6 fxe6+ 80.Rxe6 Rh1 81.Re7+ Kf8 82.Kf6 Rxh5 83.Ra7 Ke8 84.Ra8+ Kd7
85.f5 Rh1 86.Kg7 Rg1+ 87.Kf7 h5 88.Ra2 h4 89.Rd2+ Kc7 90.Rh2 Rg4 91.f6 Kd6
92.Rd2+ Ke5 93.Rf2 Kd6 94.Kf8 h3 95.f7 Rg2 96.Rf3  1-0

[Event "Brussels mix"]
[Site "Brussels"]
[Date "1987.??.??"]
[Round "6"]
[White "Polgar, Zsuzsa"]
[Black "Lobron, Eric"]
[Result "1/2-1/2"]
[WhiteElo "2485"]
[BlackElo "2530"]

1.d4 Nf6 2.Nf3 d5 3.c4 e6 4.Nc3 Be7 5.Bf4 O-O 6.e3 c5 7.dxc5 Bxc5 8.Be2 Nc6
9.cxd5 Nxd5 10.Nxd5 exd5 11.O-O Bb6 12.Bg5 Qd6 13.Rc1 Be6 14.Qa4 h6 15.Bf4 Qe7
16.Ne5 Nxe5 17.Bxe5 Rac8 18.Qf4 Rfd8 19.Bd3 Qg5 20.Qxg5 hxg5 21.Rxc8 Rxc8
22.a3 f6 23.Bc3 Bc5 24.Rc1 Bd6 25.Rc2 g4 26.Bd4 Rxc2 27.Bxc2 b6 28.Kf1 Kf7
29.Ke2 Ke7 30.Ba4 Bc7 31.Bc2 Bd6 32.Bc3 Kf7 33.Bb3 Ke7 34.Bb4 Bc5 35.Bc3 Bd6
36.Bd4 Bc7 37.Ba2 Bd6 38.Bb1 Kf7 39.Bd3 Ke7 40.Kf1 Kf7 41.Ke1 Ke7 42.Ke2 Kf7
43.Bb1 Ke7 44.Ba2 Bc7 45.Bc3 Kd7  1/2-1/2

[Event "Coimbatore"]
[Site "Coimbatore"]
[Date "1987.??.??"]
[Round "?"]
[White "Ravi, Lanka"]
[Black "Barua, Dibyendu"]
[Result "0-1"]
[WhiteElo "2325"]
[BlackElo "2455"]

1.d4 d5 2.c4 e6 3.Nc3 Nf6 4.Nf3 Be7 5.Bf4 O-O 6.e3 c6 7.Rc1 Nbd7 8.Bd3 b6
9.cxd5 exd5 10.O-O Bb7 11.Ne5 Nxe5 12.dxe5 Ne8 13.Qf3 g6 14.Rfd1 Ng7 15.Ne2 f6
16.exf6 Bxf6 17.b4 Qe7 18.b5 c5 19.Qh3 Rad8 20.Nc3 Rf7 21.Be2 Bxc3 22.Rxc3 Rxf4
23.exf4 Qxe2 24.Rcc1 Qxb5 25.Re1 Re8 26.Qh4 Qd7 27.f3 Nf5 28.Rxe8+ Qxe8 29.Re1 Qf8
30.Qg5 d4 31.g4 Ne3 32.Kf2 Qf7 33.Qd8+ Kg7 34.Kg3 h6 35.h4 Bd5 36.a4 Qf6
37.Qc7+ Bf7 38.Qxa7 Qe6 39.a5 Qa2 40.Rg1 Qxa5 41.Qc7 c4 42.f5 Qc5 43.Qd8 c3
44.fxg6 Bxg6 45.h5 Bf7 46.g5 Qe5+ 47.f4 Nf5+ 48.Kh3 Qe3+ 49.Kg4 Qe2+ 50.Kh3 Qxh5+
51.Kg2 Bd5+  0-1

[Event "Coimbatore"]
[Site "Coimbatore"]
[Date "1987.??.??"]
[Round "?"]
[White "Vasiukov, Evgeni"]
[Black "Barua, Dibyendu"]
[Result "1/2-1/2"]
[WhiteElo "2490"]
[BlackElo "2455"]

1.d4 d5 2.c4 e6 3.Nc3 Nf6 4.Nf3 Be7 5.Bf4 O-O 6.e3 c6 7.Bd3 Nbd7 8.O-O Nh5
9.c5 Nxf4 10.exf4 b6 11.b4 a5 12.a3 Ba6 13.g3 Bxd3 14.Qxd3 b5 15.h4 Re8 16.Kg2 Qc7
17.Rfb1 Bf8 18.Ng5 Nf6 19.Nd1 h6 20.Nf3 axb4 21.axb4 Nd7 22.Ne3 Qb7 23.Nc2 Rxa1
24.Rxa1 Ra8 25.Rxa8 Qxa8 26.Ne5 Qb7 27.Qa3 f6 28.Ng6 Nb8 29.h5 Qa6 30.Qe3 Qc8
31.Ne1 Na6 32.Qa3 Kf7 33.Nd3 Be7 34.Qa1 Bd8 35.Qd1 Bc7 36.Qg4 Qd7 37.Nh4 Nb8
38.Qe2 Kg8 39.f5 exf5 40.Qf3 f4 41.Nxf4 Bxf4 42.Qxf4 Na6 43.Ng6 Qe8 44.Qd2 Nc7
45.f3 Ne6 46.g4 Qa8 47.Qe3 Kf7 48.Nh4 Qb8 49.Nf5 Qf4 50.Qe1 Qg5 51.Nd6+ Ke7
52.Nf5+ Kd7 53.Qa1 Qd2+ 54.Kg1 Qxb4 55.Qa7+ Nc7 56.Qb8 Qe1+ 57.Kg2 Qe8 58.Qb6 Qe2+
59.Kg3 Qe1+ 60.Kg2 Qd2+ 61.Kg3  1/2-1/2

[Event "Leningrad"]
[Site "Leningrad"]
[Date "1987.??.??"]
[Round "?"]
[White "Jussupow, Artur"]
[Black "Vaganian, Rafael A"]
[Result "1/2-1/2"]
[WhiteElo "2645"]
[BlackElo "2590"]

1.d4 Nf6 2.c4 e6 3.Nf3 d5 4.Nc3 Be7 5.Bf4 O-O 6.e3 Nbd7 7.Rc1 a6 8.cxd5 exd5
9.Bd3 c5 10.dxc5 Nxc5 11.Be2 Be6 12.O-O Rc8 13.Nd4 Qb6 14.Be5 Ncd7 15.Nxe6 fxe6
16.Bd4 Qa5 17.f4 Bc5 18.Bg4 Rc6 19.Bh3 Bxd4 20.Qxd4 Re8 21.Rcd1 Rc4 22.Qd2 Qb6
23.Kh1 g6 24.b3 Rc7 25.Ne2 Ne4 26.Qd3 Re7 27.Kg1  1/2-1/2

[Event "Netanya op"]
[Site "Netanya"]
[Date "1987.??.??"]
[Round "6"]
[White "Plaskett, Jim"]
[Black "Gal, Ami"]
[Result "1-0"]
[WhiteElo "2460"]
[BlackElo "2340"]

1.d4 d5 2.Nf3 Nf6 3.Bf4 e6 4.c4 Be7 5.Nc3 O-O 6.c5 Ne4 7.Qc2 f5 8.e3 a6 9.Bd3 Nc6
10.a3 Bd7 11.h3 Be8 12.g4 Bf7 13.Rg1 Kh8 14.O-O-O b6 15.Ne5 Nxe5 16.Bxe5 Bf6
17.Bxf6 Qxf6 18.cxb6 cxb6 19.f4 Nxc3 20.bxc3 Bg6 21.h4 fxg4 22.Bxg6 Qxg6
23.Qxg6 hxg6 24.Rxg4 Rac8 25.Kd2 Kh7 26.Rdg1 Rc7 27.Rxg6 Rf6 28.h5 Rcf7 29.a4 b5
30.Rxf6 Rxf6 31.axb5 axb5 32.Kc2 Kh6 33.Rg5 Rf7 34.Rg6+ Kxh5 35.Rxe6 Kg4
36.Re5 Rd7 37.Kb3 Kf3 38.Kb4 Rc7 39.Rxd5 Kxe3 40.Rc5  1-0

[Event "Philadelphia op"]
[Site "Philadelphia"]
[Date "1987.??.??"]
[Round "?"]
[White "Miles, Anthony J"]
[Black "Glueck, David"]
[Result "1-0"]
[WhiteElo "2565"]
[BlackElo "2345"]

1.d4 Nf6 2.Nf3 d5 3.c4 e6 4.Nc3 Be7 5.Bf4 O-O 6.e3 Nbd7 7.Qc2 c5 8.dxc5 Nxc5
9.Be2 Bd7 10.Rd1 Qa5 11.O-O dxc4 12.Ne5 Rfc8 13.Nxc4 Qd8 14.Ne5 Qb6 15.Nc4 Qd8
16.Bf3 Qe8 17.Ne5 Bb5 18.Nxb5 Qxb5 19.Be2 Qe8 20.Qb1 Nd5 21.Bg3 Rd8 22.Rc1 Rac8
23.Rfd1 b5 24.Bf3 a6 25.Nd3 Nxd3 26.Rxc8 Rxc8 27.Qxd3 Rd8 28.Qe2 Bf6 29.Rd2 g6
30.Qd1 Nb6 31.b3 Rxd2 32.Qxd2 Qc8 33.h3 Kg7 34.Kh2 h5 35.h4 Nd5 36.Bxd5 exd5
37.Qxd5 Qd8 38.Qxd8 Bxd8 39.Be5+ Kf8 40.g3 Ke7 41.e4 Ke6 42.Bd4 Bc7 43.Kg2 Bd6
44.Kf3 Be7 45.Kf4 Bd8 46.Ke3 Bc7 47.Kd3 Bd6 48.Be3 Bc7 49.Bf4 Bb6 50.f3 Bd8
51.Ke2 Be7 52.Kf2 Bc5+ 53.Kg2 f5 54.exf5+ Kxf5 55.Kf1 Be7 56.Bb8 Bf6 57.Ke2 Bd8
58.Ke3 Bf6 59.Kd3 Bg7 60.Ba7 Be5 61.Bf2 Bc7 62.Be1 Be5 63.Ke3 Bf6 64.Bd2 Be5
65.Kf2 Bf6 66.Kg2 Be7 67.Kh3 Bf6 68.g4+ hxg4+ 69.fxg4+ Ke4 70.h5 gxh5 71.gxh5 Kf5
72.Kg3 Bg7 73.Kf3 Bd4 74.h6 Bb6 75.Ke2 a5 76.h7 Bd4 77.Kd3  1-0

[Event "Rubinstein mem"]
[Site "Polanica Zdroj"]
[Date "1987.??.??"]
[Round "?"]
[White "Spassov, Liuben"]
[Black "Boensch, Uwe"]
[Result "1/2-1/2"]
[WhiteElo "2365"]
[BlackElo "2530"]

1.d4 Nf6 2.Nf3 d5 3.c4 e6 4.Nc3 Be7 5.Bf4 O-O 6.e3 c5 7.dxc5 Bxc5 8.Qc2 Nc6
9.Rd1 Qa5 10.a3 Be7 11.Nd2 e5 12.Bg5 d4 13.Nb3 Qb6 14.Bxf6 Bxf6 15.Nd5 Qd8
16.Bd3 g6 17.exd4 Nxd4 18.Nxd4 exd4 19.Nxf6+ Qxf6 20.O-O Bg4 21.Rd2 Rac8
22.Be4 Be6 23.c5 b6 24.c6 Rfd8 25.Rc1 Bd5 26.Bxd5 Rxd5 27.b4 b5 28.g3 Rc7
29.Qe4 Rd6 30.Rcd1 Rcxc6 31.Rxd4 Rxd4 32.Rxd4 Kg7 33.Kg2 a6 34.Qd5 Qe6  1/2-1/2

[Event "Bohemians"]
[Site "Prague"]
[Date "1987.??.??"]
[Round "?"]
[White "Znamenacek, Kvetoslav"]
[Black "Prandstetter, Eduard"]
[Result "1/2-1/2"]
[WhiteElo "2300"]
[BlackElo "2430"]

1.Nf3 d5 2.d4 Nf6 3.c4 e6 4.Nc3 Be7 5.Bf4 O-O 6.e3 c5 7.dxc5 Bxc5 8.a3 dxc4
9.Bxc4 Qxd1+ 10.Rxd1 a6 11.Bd3 Nbd7 12.O-O  1/2-1/2

[Event "Bohemians"]
[Site "Prague"]
[Date "1987.??.??"]
[Round "?"]
[White "Robatsch, Karl"]
[Black "Modr, Bretislav"]
[Result "1/2-1/2"]
[WhiteElo "2400"]
[BlackElo "2385"]

1.Nf3 Nf6 2.c4 e6 3.Nc3 d5 4.d4 Be7 5.Bf4 O-O 6.Rc1 c5 7.dxc5 Bxc5 8.cxd5 Qb6
9.e3 Nxd5 10.Nxd5 exd5 11.Bd3 Bb4+ 12.Kf1 Nc6 13.Qc2 h6 14.Ne5 Nxe5 15.Bxe5 Bd7
16.Qb3 Rfc8 17.Ke2 Qe6 18.Qxb4 Qxe5 19.f4 Qh5+ 20.Kf2 Bc6 21.Be2 Qh4+ 22.g3 Qf6
23.Rhd1 Qe6 24.Qd4 Re8 25.Bf3 Re7 26.Rd3 Rae8 27.Bg2 Qg4 28.h3 Qh5 29.Rc5 Qf5
30.g4 Qc8 31.Bxd5 Rd7 32.Qc4 Red8 33.Rd4 Qb8 34.Bxc6 Rxd4 35.exd4 bxc6 36.Ke3 Qxb2
37.Rxc6 Re8+ 38.Kf3 Qb1 39.Rc8 Qb7+ 40.Rc6 Qb1 41.Rc8 Qh1+ 42.Kg3  1/2-1/2

[Event "Bohemians"]
[Site "Prague"]
[Date "1987.??.??"]
[Round "?"]
[White "Robatsch, Karl"]
[Black "Mozny, Milos"]
[Result "1/2-1/2"]
[WhiteElo "2400"]
[BlackElo "2405"]

1.Nf3 Nf6 2.c4 e6 3.Nc3 d5 4.d4 Be7 5.Bf4 O-O 6.Rc1 c5 7.dxc5 Bxc5 8.e3 dxc4
9.Qxd8 Rxd8 10.Bxc4 Bd7 11.Ke2 Nc6 12.Nb5 Rac8 13.Bc7 Re8 14.Bd6  1/2-1/2

[Event "San Francisco"]
[Site "San Francisco"]
[Date "1987.??.??"]
[Round "?"]
[White "Miles, Anthony J"]
[Black "Gurevich, Dmitry"]
[Result "1/2-1/2"]
[WhiteElo "2585"]
[BlackElo "2545"]

1.d4 Nf6 2.Nf3 d5 3.c4 e6 4.Nc3 Be7 5.Bf4 O-O 6.e3 c5 7.dxc5 Bxc5 8.Qc2 Nc6
9.Rd1 Qa5 10.a3 Be7 11.Nd2 e5 12.Bg5 d4 13.Nb3 Qb6 14.Bxf6 Bxf6 15.Nd5 Qd8
16.Bd3 h6 17.exd4 Nxd4 18.Nxd4 exd4 19.O-O Be6 20.Bh7+ Kh8 21.Be4 Bxd5 22.Bxd5  1/2-1/2

[Event "St Ingbert op"]
[Site "St Ingbert"]
[Date "1987.??.??"]
[Round "7"]
[White "Sarosi, Zoltan"]
[Black "Waldmann, Hans Joachim"]
[Result "1-0"]
[WhiteElo "2330"]
[BlackElo "2325"]

1.d4 Nf6 2.c4 e6 3.Nc3 d5 4.Nf3 Be7 5.Bf4 O-O 6.e3 b6 7.cxd5 exd5 8.Bd3 c5
9.Ne5 Bb7 10.Qf3 Na6 11.O-O Nc7 12.Rfd1 Qc8 13.Rac1 Ne6 14.Bg3 Ng5 15.Qe2 Nge4
16.Bxe4 Nxe4 17.Nxe4 dxe4 18.dxc5 bxc5 19.Qc4 Bf6 20.Nd7 Bxb2 21.Nxf8 Bxc1
22.Rd7 Qxf8 23.Rxb7 Ba3 24.Bd6 Qe8 25.Re7 Qf8 26.Rxa7 Rxa7 27.Bxf8 Kxf8 28.Qxe4 g6
29.Kf1 Bb4 30.Qd5 Ra3 31.Ke2 f5 32.f3 Kg7 33.e4 f4 34.Qe5+ Kg8 35.Qd5+ Kg7
36.e5 Re3+ 37.Kd1 Ba3 38.Qd7+ Kh6 39.Qh3+ Kg5 40.Qg4+  1-0

[Event "Tatran Cup"]
[Site "Stary Smokovec"]
[Date "1987.??.??"]
[Round "?"]
[White "Knezevic, Milorad"]
[Black "Lengyel, Bela"]
[Result "0-1"]
[WhiteElo "2435"]
[BlackElo "2425"]

1.d4 d5 2.c4 e6 3.Nc3 Nf6 4.Nf3 Be7 5.Bf4 O-O 6.e3 c5 7.dxc5 Bxc5 8.cxd5 Nxd5
9.Nxd5 exd5 10.a3 Nc6 11.Bd3 Be7 12.Ne5 Bf6 13.Nxc6 bxc6 14.Qc2 Ba6 15.Bxh7+ Kh8
16.Bd3 Bxd3 17.Qxd3 Bxb2 18.Ra2 Qa5+ 19.Ke2 Bf6 20.Rc1 d4 21.Bd6 Qd5 22.Bxf8 Qxa2+
23.Rc2 Qb1 24.Bd6 Rd8 25.Rxc6 Qb7 26.Qa6 Qb2+ 27.Kf3 Qb1 28.Rc5 Qd1+ 29.Kg3 dxe3
30.Rc8 e2 31.Rxd8+ Bxd8 32.Bb4 e1=Q 33.Bxe1 Qxe1 34.Qxa7 Qe5+ 35.Kf3 Qd5+
36.Ke2 Bg5 37.Qb8+ Kh7 38.Qc8 g6 39.Qh3+ Kg7 40.Qc3+ Bf6 41.Qg3 Qa2+ 42.Kf1 Qc4+  0-1

[Event "SWE-ch"]
[Site "Stockholm"]
[Date "1987.??.??"]
[Round "?"]
[White "Ornstein, Axel"]
[Black "Hartman, Christer"]
[Result "1-0"]
[WhiteElo "2410"]
[BlackElo "2315"]

1.d4 d5 2.c4 e6 3.Nc3 Nf6 4.Nf3 Be7 5.Bf4 O-O 6.e3 c5 7.dxc5 Bxc5 8.Qc2 Nc6
9.a3 Qa5 10.Nd2 Be7 11.Be2 e5 12.Bg3 d4 13.Nb3 Qb6 14.Nd5 Qd8 15.Nxe7+ Qxe7
16.exd4 exd4 17.O-O Ne4 18.Rfe1 Nxg3 19.hxg3 Re8 20.Rad1 Qf6 21.Bd3 Rxe1+
22.Rxe1 Kf8 23.Be4 g6 24.Qd2 Bd7 25.Nc5 Be8 26.Nxb7 Rb8 27.Nc5 Ne5 28.Bd5 d3
29.b4 a5 30.b5 Rc8 31.Nxd3 Ng4 32.Qxa5 Qd4 33.Qb4+ Kg8 34.Qd6 Kg7 35.Qf4 Qxd3
36.Qxg4 Qc3 37.Rd1 f5 38.Qd4+  1-0

[Event "Rilton Cup"]
[Site "Stockholm"]
[Date "1987.??.??"]
[Round "?"]
[White "Markovic, Miroslav"]
[Black "Carlhammar, Magnus"]
[Result "1/2-1/2"]
[WhiteElo "2255"]
[BlackElo "2335"]

1.c4 e6 2.Nc3 d5 3.d4 Be7 4.Nf3 Nf6 5.Bf4 O-O 6.e3 c5 7.dxc5 Bxc5 8.Be2 dxc4
9.Bxc4 Qxd1+ 10.Rxd1 a6 11.a4 Nc6 12.Ne5 Nxe5 13.Bxe5 b6 14.Bd6 Rd8 15.Bxc5 Rxd1+
16.Kxd1 bxc5 17.Ke2 Kf8 18.Rd1 Ke7 19.e4 Nd7 20.f4 Nb6 21.Bd3 Rb8 22.b3 Nd7
23.Rb1 Rb6 24.e5 f6 25.exf6+ Nxf6 26.Bc4 Bb7 27.g3 Bd5 28.Kd3 Kd6 29.a5 Bxc4+
30.Kxc4 Rb4+ 31.Kd3 Nd5 32.Ne4+ Kc6 33.Ng5 Kd7 34.Nf3 Ke7 35.Ne5 Rd4+ 36.Kc2 Nb4+
37.Kc3 Nd5+ 38.Kc2 Nb4+ 39.Kc1 Kf6 40.Rb2 Nd3+ 41.Nxd3 Rxd3 42.Rc2 Rxb3 43.Rxc5 Ra3
44.Kb2 Rd3 45.Kc2 Ra3 46.Kd2 Ra2+ 47.Ke3 Rxh2 48.Rc6 Ra2 49.Rxa6 Ra3+ 50.Kf2 Kf5
51.Ra7 g6 52.Rxh7 Rxa5 53.Rf7+ Kg4 54.Rf6 Ra2+ 55.Ke3 Ra3+ 56.Ke4 Ra4+ 57.Ke5 Ra5+
58.Kxe6 Ra6+ 59.Kf7 Rxf6+ 60.Kxf6 Kxg3 61.f5 gxf5 62.Kxf5  1/2-1/2

[Event "BCF-ch"]
[Site "Swansea"]
[Date "1987.??.??"]
[Round "?"]
[White "Conquest, Stuart"]
[Black "Motwani, Paul"]
[Result "1/2-1/2"]
[WhiteElo "2395"]
[BlackElo "2425"]

1.d4 Nf6 2.c4 e6 3.Nf3 d5 4.Nc3 Be7 5.Bf4 O-O 6.e3 c5 7.dxc5 Bxc5 8.Be2 Nc6
9.cxd5 Nxd5 10.Nxd5 exd5 11.O-O h6 12.Rc1 Bb6 13.Ne5 Qf6 14.Qxd5 Be6 15.Qb5 Nd4
16.exd4 Qxf4 17.Nf3 Rad8 18.Rfd1 Bxd4 19.Nxd4 Rxd4 20.Qxb7 Rb4 21.Qxa7 Rxb2
22.g3 Qe4 23.Bd3 Qf3 24.Qe3 Qxe3 25.fxe3 Rxa2 26.Rc2 Ra3 27.Rb2 g6 28.Kf2 Kg7
29.Rdd2 Rc8 30.Rb4 Rc1 31.h4 Raa1 32.Kf3 h5 33.e4 Bg4+ 34.Kf4 Rc3 35.Rc4 Rac1
36.Rxc3 Rxc3 37.Be2 Bxe2 38.Rxe2 Rc4 39.Rb2 Rc1 40.Rb3 Rf1+ 41.Rf3 Rxf3+
42.Kxf3  1/2-1/2

[Event "Tallinn"]
[Site "Tallinn"]
[Date "1987.??.??"]
[Round "?"]
[White "Yrjola, Jouni"]
[Black "Van der Sterren, Paul"]
[Result "1/2-1/2"]
[WhiteElo "2425"]
[BlackElo "2520"]

1.d4 d5 2.c4 e6 3.Nc3 Nf6 4.Nf3 Be7 5.Bf4 O-O 6.e3 c5 7.dxc5 Bxc5 8.a3 Nc6
9.Qc2 Qa5 10.Nd2 Be7 11.Be2 e5 12.Bg3 d4 13.Nb3 Qb6 14.exd4 Nxd4 15.Nxd4 exd4
16.Na4 Qa5+ 17.b4 Bf5 18.Qb3 Qa6 19.O-O Ne4 20.Rfd1 Qg6 21.Bd3 Bf6 22.Qc2 b6
23.Bf4 Rfd8 24.f3 Nd6 25.c5 Bxd3 26.Qxd3 Qxd3 27.Rxd3 Nc4 28.Bc7 b5 29.Bxd8 Rxd8
30.Rc1 Bg5 31.Re1 g6 32.f4 Bxf4 33.Re4 Be3+ 34.Rexe3 Nxe3 35.Nc3 a6 36.Ne2 Nc2
37.Rd2 d3 38.Nc1 Nxa3 39.Rxd3 Rxd3 40.Nxd3 Kf8 41.Kf2 Ke7 42.Ke3 Ke6 43.Ke4 f5+
44.Kf4 h6 45.h4 Nc4 46.g3 Kf6 47.c6 g5+ 48.hxg5+ hxg5+ 49.Kf3 Ke6 50.g4 f4
51.Nc5+ Kd6 52.Ne4+ Kxc6 53.Nxg5 Ne5+ 54.Kxf4 Kd5 55.Nf3 Nxg4 56.Kxg4 Kc4
57.Kf4 Kxb4 58.Ke3 Kc3 59.Nd4 b4 60.Ne2+ Kb2 61.Kd3 a5 62.Kc4 b3 63.Nc3  1/2-1/2

[Event "Tashkent"]
[Site "Tashkent"]
[Date "1987.??.??"]
[Round "?"]
[White "Vladimirov, Evgeny"]
[Black "Timoshchenko, Gennadi A"]
[Result "1/2-1/2"]
[WhiteElo "2525"]
[BlackElo "2495"]

1.d4 d5 2.Nf3 Nf6 3.c4 e6 4.Nc3 Be7 5.Bf4 O-O 6.e3 c5 7.dxc5 Bxc5 8.Rc1 Nc6
9.cxd5 exd5 10.Be2 d4 11.exd4 Nxd4 12.Nxd4 Qxd4 13.Qxd4 Bxd4 14.Nb5 Bb6 15.O-O Be6
16.Bc4 Bxc4 17.Rxc4 Rad8 18.Bc7 Bxc7 19.Rxc7 Rd2 20.Rxb7 Rxb2 21.a4 a6  1/2-1/2

[Event "Tilburg"]
[Site "Tilburg"]
[Date "1987.??.??"]
[Round "?"]
[White "Jussupow, Artur"]
[Black "Kortschnoj, Viktor"]
[Result "0-1"]
[WhiteElo "2635"]
[BlackElo "2630"]

1.d4 Nf6 2.c4 e6 3.Nf3 d5 4.Nc3 Be7 5.Bf4 O-O 6.e3 c5 7.dxc5 Bxc5 8.Qc2 Nc6
9.Rd1 Qa5 10.a3 Be7 11.Nd2 e5 12.Bg5 d4 13.Nb3 Qd8 14.Be2 a5 15.Na4 Ng4 16.Bxe7 Qxe7
17.exd4 Qh4 18.Bxg4 Bxg4 19.Rd2 exd4 20.O-O Rad8 21.Nac5 d3 22.Qc3 Be2 23.Re1 a4
24.Nxa4 Rfe8 25.h3 Ne5 26.Rdxe2 dxe2 27.Nc1 b5 28.Nb6 Rd1 29.Nxe2 Nf3+ 30.gxf3 Rxe2  0-1

[Event "Timisoara"]
[Site "Timisoara"]
[Date "1987.??.??"]
[Round "?"]
[White "Foisor, Ovidiu"]
[Black "Liang Jinrong"]
[Result "1-0"]
[WhiteElo "2495"]
[BlackElo "2415"]

1.d4 Nf6 2.c4 e6 3.Nf3 d5 4.Nc3 Be7 5.Bf4 O-O 6.e3 c5 7.dxc5 Bxc5 8.a3 Nc6
9.Qc2 Qa5 10.Rd1 Ne4 11.cxd5 Nxc3 12.bxc3 exd5 13.Rxd5 Qxa3 14.Ng5 g6 15.Bc4 Bf5
16.Rxf5 gxf5 17.O-O Ne7 18.Be5 Qa5 19.Qe2 Qb6 20.Be6 Qxe6 21.Nxe6 fxe6 22.Qc4 b6
23.Qxe6+ Rf7 24.Ra1 a5 25.g3 a4 26.Bd4 a3 27.Bxc5 bxc5 28.Qb3  1-0

[Event "Tirnavia-B"]
[Site "Trnava"]
[Date "1987.??.??"]
[Round "10"]
[White "Szymczak, Zbigniew"]
[Black "Drtina, Milan"]
[Result "1-0"]
[WhiteElo "2390"]
[BlackElo "2280"]

1.d4 d5 2.c4 e6 3.Nc3 Nf6 4.Nf3 Be7 5.Bf4 Nh5 6.Bd2 f5 7.e3 O-O 8.cxd5 exd5
9.Nxd5 Be6 10.Nxe7+ Qxe7 11.Bd3 Nd7 12.O-O g5 13.e4 f4 14.d5 Bf7 15.Bc3 g4
16.Nd4 Bg6 17.Ne6 Qh4 18.Nxf8 Rxf8 19.f3 gxf3 20.Rxf3 Re8 21.Bb5 Rd8 22.Bc4 b5
23.d6+  1-0